| 000 | 00580nam a22001697a 4500 | ||
|---|---|---|---|
| 999 |
_c20001 _d20001 |
||
| 008 | 240403b ||||| |||| 00| 0 eng d | ||
| 082 |
_aDFil 641.3 _bC13 1988 |
||
| 100 |
_aCalma, Ursula E. _955994 |
||
| 245 |
_aFoods and nutrition I : _bhome economics / _cUrsula E. Calma and Marissa E Del Rosario. |
||
| 250 | _aRevised edition. | ||
| 260 |
_aManila : _bPhilippine Book Company, _c©1988. |
||
| 300 |
_a126 pages : _billustrations ; _c21 cm. |
||
| 650 |
_aFood. _956436 |
||
| 650 |
_aNutrition. _956437 |
||
| 700 |
_aDel Rosario, Marissa E. _eauthor. _955995 |
||
| 942 |
_2ddc _cDFIL |
||